000 00777nam a2200253Ia 4500
003 OSt
005 20220923213146.0
006 a|||||r|||| 00| 0
007 ta
008 220922b |||||||| |||| 00| 0 hin d
024 _a159,368
037 _cTextual
040 _aARTS
_cARTS
_bhin
041 _2hin
_ahin
082 _aO152,1:g, J5
100 _aमिश्र, गणेशबिहारी
_9156365
245 0 _aहिन्दी नवरत्न
246 _aHindī navaratna
260 _c1955
490 _aगंगा पुस्तकमाला; 31
650 _aहिन्दी साहित्य
_9156264
942 _hO152,1:g, J5
_cTEXL
_2CC
999 _c314115
_d314115